| 000 | 01048nam a2200205 a 4500 | ||
|---|---|---|---|
| 008 | 120416s1992 ||||||||||||||||| || u | ||
| 020 | _a0273039679 | ||
| 050 | _aHG 1615.5 Cou | ||
| 100 | _aCoult, Helen | ||
| 245 | 1 | 0 | _aManagement in banking. (2nd ed.) |
| 250 | _a2nd ed. | ||
| 260 |
_aLondon: _bPitman _c1992 |
||
| 300 | _aix, 243p. : ill. | ||
| 350 | _a0.00 | ||
| 650 | _aBANK MANAGEMENT | ||
| 995 |
_aANNEX COLLECTION (Main Library) _D0.00 _e727175 _FCBU-MAIN LIBRARY (Kitwe) _H4 _I21.99 _jHG 1615.5 Cou _M3 _UAVAILABLE _y000019 _ZAnnex Low-Usage Collection |
||
| 995 |
_aMAIN LIBRARY OPEN ACCESS _D0.00 _e727177 _FCBU-MAIN LIBRARY (Kitwe) _H3 _I21.99 _jHG 1615.5 Cou _M1 _UAVAILABLE _y000016 _ZMain Library Open Access Collection |
||
| 995 |
_aMAIN LIBRARY OPEN ACCESS _D0.00 _e727176 _FCBU-MAIN LIBRARY (Kitwe) _H1 _I21.99 _jHG 1615.5 Cou _M2 _UAVAILABLE _y000017 _ZMain Library Open Access Collection |
||
| 995 |
_aANNEX COLLECTION (Main Library) _D0.00 _e727178 _FCBU-MAIN LIBRARY (Kitwe) _H2 _I21.99 _jHG 1615.5 Cou _M4 _UAVAILABLE _y000053 _ZAnnex Low-Usage Collection |
||
| 999 |
_c82435 _d82435 |
||